Statistics for Countries in Different Languages

Click here to take the quiz!

General Stats

  • This quiz has been taken 23 times
  • The average score is 11 of 16

Answer Stats

CountriesLanguageTranslation% Correct
DuitslandDutchGermany
95%
SueciaSpanishSweden
89%
Paesi BassiItalianThe Netherlands
89%
TschechienGermanCzechia
84%
États-UnisFrenchUnited States
84%
ΒραζιλίαGreekBrazil
79%
UngernSwedishHungary
79%
Orta Afrika CumhuriyetiTurkishCentral African Republic
74%
中國
(Zhōngguó)
ChineseChina
74%
रूस
(Roos)
HindiRussia
74%
LibanRomanianLebanon
68%
Selandia BaruIndonesianNew Zealand
63%
An rioghachd aonaichteScottish CelticUnited Kingdom
47%
이스라엘
(iseula-el)
KoreanIsrael
42%
indykPolishTurkey
21%
AikupitoSamoanEgypt
11%

Score Distribution

Percentile by Number Answered

Percent of People with Each Score

Your Score History

You have not taken this quiz